| 000 | 00586nam a2200181 a 4500 | ||
|---|---|---|---|
| 005 | 20210223120629.0 | ||
| 008 | 991125s1977 mx 000 0 spa u | ||
| 035 | _aUPN01000004615 | ||
| 049 | _aSEP | ||
| 050 | 4 |
_aTT29 P8 _bG9.3 |
|
| 100 | 1 | _aGuzmán, Alejandro | |
| 245 | 1 | 0 |
_aArtesanos de la Sierra Norte de Puebla / _cAlejandro Guzmán. |
| 260 |
_aMéxico : _bSEP, Dirección General de Arte Popular, Departamento de Asesoría Técnica, _c1977. |
||
| 300 | _a127 p. | ||
| 440 | 0 |
_aEstudios de folklore y de arte popular ; _v4 |
|
| 650 | 4 |
_aARTESANOS - _zPUEBLA _92036 |
|
| 905 | _aLibro | ||
| 999 |
_c4615 _d4615 |
||